LGDC : Chefs des Clans - Statistiques

Statistiques générales
  • Ce quiz a été pris 17 fois
  • Le résultat moyen est 32 sur 89
Statistiques - réponses
Clans Chefs % Correct
Etoile Bleue
100%
Etoile de Feu
100%
Etoile de Ronce
100%
Etoile du Tigre
92%
Etoile du Tigre
92%
Etoile Filante
92%
Etoile Noire
92%
Etoile Brisée
83%
Etoile de Brume
83%
Etoile de Jais
83%
Etoile de Sapin
83%
Etoile du Léopard
83%
Etoile du Soleil
83%
Etoile Grise
83%
Etoile de Feuille
75%
Clan de la Rivière Etoile de la Rivière
75%
Etoile de l'Ecureuil
75%
Clan de l'Ombre Etoile de l'Ombre
75%
Clan du Tonnerre Etoile du Tonnerre
75%
Etoile Balafrée
67%
Clan du Ciel Etoile du Ciel
67%
Clan du Vent Etoile du Vent
67%
Etoile Solitaire
67%
Etoile Rouge
58%
Etoile de Bruyère
42%
Etoile de Chêne
42%
Etoile de la Biche
42%
Etoile Blanche
33%
Etoile Blanche
33%
Etoile de Cèdre
33%
Etoile de Givre
33%
Etoile de Givre
33%
Etoile de Grêle
33%
Etoile de Jonc
33%
Etoile de la Chouette
33%
Etoile du Corbeau
33%
Etoile du Corbeau
33%
Etoile du Lièvre
33%
Etoile Fauve
33%
Etoile Fauve
33%
Etoile d'Araignée
25%
Etoile de Fleur
25%
Etoile de Houx
25%
Etoile de Pierre
25%
Etoile de Roseau
25%
Etoile du Lion
25%
Etoile Jaune
25%
Etoile d'Ecume
17%
Etoile de Frêne
17%
Etoile de l'Abysse
17%
Etoile de l'Abysse
17%
Etoile de Lis
17%
Etoile de Neige
17%
Etoile de Nuit
17%
Etoile de Saule
17%
Etoile de Truite
17%
Etoile du Faucon
17%
Etoile du Matin
17%
Etoile du Matin
17%
Etoile du Serpent
17%
Etoile Tachetée
17%
Etoile Ambrée
8%
Etoile Brune
8%
Etoile d'Ajoncs
8%
Etoile de Bouleau
8%
Etoile de Buse
8%
Etoile de Fennouil
8%
Etoile de Grive
8%
Etoile de Hêtre
8%
Etoile de la Colombe
8%
Etoile de Liane
8%
Etoile de Lierre
8%
Etoile de Noisette
8%
Etoile de Platane
8%
Etoile de Poussière
8%
Etoile de Rafale
8%
Etoile de Rosée
8%
Etoile de Serre
8%
Etoile Douce
8%
Etoile du Blizzard
8%
Etoile du Campagnol
8%
Etoile du Firmament
8%
Etoile du Lapin
8%
Etoile du Limier
8%
Etoile du Martinet
8%
Etoile du Passereau
8%
Etoile du Rouge-Gorge
8%
Etoile Rayée
8%
Etoile Sombre
8%
Aucun quiz correspondant
Distribution des résultats
% des personnes avec chaque résultat
Percentile par nombre de réponses
Votre historique - résultats
Vous n’avez pas pris ce quiz